000
00263nam a2200121Ia 4500
100
_a
Mitchelll/B.B
942
_c
BK
654
_a
semiconductor
245
_a
Semiconductor pulse circuit
260
_b
Holt
_a
Sanfransico
_c
1970
300
_a
379
546
_a
ENGLISH
999
_c
20441
_d
20441